000
00339 a2200157 4500
001
176477
020
_a
040
_c
Magnum
100
_a
Monteiro Lobato
240
1
0
_a
A chave do tamanho
_l
por
245
1
0
_a
A chave do tamanho
362
0
_a
1899
440
1
_a
Brasiliense
697
_a
MAGNITO: IJ/AVENTURA, CRIANCAS
942
_c
BK
999
_c
176477
_d
176477